| 000 | 01013nas a22002411i#4500 | ||
|---|---|---|---|
| 001 | 2671 | ||
| 003 | ES-MaACL | ||
| 005 | 20250814062600.0 | ||
| 007 | t| | ||
| 008 | 950801d17801795sp | | 1 ||pa d | ||
| 080 | _a(460) | ||
| 080 | _a06 | ||
| 245 | 0 | 0 | _aMemorias de la Sociedad Económica. |
| 260 |
_aMadrid : _bAntonio de Sancha, _c1780-1795. |
||
| 300 |
_a5 vol ; _c26 cm. |
||
| 362 | 0 | _a1780-1795. | |
| 500 | _aContiene: V. 1. Memorias de agricultura -- v. 2. Memorias de industria. Memorias de artes y oficios -- v. 3. Memorias de agricultura, industria y oficios del segundo bienio -- v. 4. Memorias de oficios 1777-1779. Apéndice de las memorias -- v. 5. Seis memorias sobre agricultura. Colección de las memorias premiadas... sobre los cuatro asuntos [en 1783] | ||
| 650 | 4 |
_aInstituciones científicas y diversas _913829 |
|
| 710 | 2 |
_aReal Sociedad Económica Matritense de Amigos del País. _96389 |
|
| 852 |
_aES-MaACL _jR-749-53 _x G-1175-9 |
||
| 866 | 1 | _oVol. I-V | |
| 999 |
_c2671 _d2671 |
||